Eurovision Song Lyrics - Slovenia - Statistics

General Stats
  • This quiz has been taken 21 times
  • The average score is 57 of 138
Answer Stats
Answer % Correct
v
86%
ve
86%
Veronika
86%
si
71%
Ti
67%
Jaz
52%
me,
52%
me
52%
se
52%
noč
48%
Z
48%
sem
43%
in
38%
le
38%
Le
38%
ljubi
38%
na
38%
oči,
38%
ona
38%
rani
38%
tiho
38%
bojiš?
33%
bojiš,
33%
brani
33%
ko
33%
Ko
33%
lovi,
33%
Najdi
33%
reko
33%
resnico
33%
sebi,
33%
Skrila
33%
te
33%
Tvojo
33%
Dvigni
29%
Gledaš
29%
koraki
29%
loviš,
29%
prepustim
29%
pusti
29%
strahov
29%
svoje
29%
Utopim
29%
zapustiš
29%
zatajiš?
29%
Zdaj,
29%
želje
29%
Kdo
24%
Koga
24%
mir
24%
odšla
24%
pomoč
24%
tvojih
24%
brez
19%
iščem
19%
klici
19%
tebe
19%
voda,
19%
žari
19%
glasnimi
14%
nemi
14%
njih
14%
odsev
14%
Ogledalo
14%
podoba
14%
robov
14%
svetlobi
14%
valovih
14%
onа
0%
reѕnico
0%
No matching quizzes found
Score Distribution
Percent of People with Each Score
Percentile by Number Answered
Your Score History
You have not taken this quiz